000 00581nam a22001817a 4500
999 _c178440
_d178440
005 20210331111040.0
010 _aENG-129344
020 _a978-93-5388-492-5
_c495.00
035 _aEN-112876
037 _bDBAD/PUB
082 _a650.13
100 _aDalal, Bhavna
245 _aCheckmate Office Politics/
_cBhavna Dalal
260 _aNew Delhi
_bSage Publication India
_c2020
270 _aB1/1-1 Mohan Cooperative Industrial Area Mathura Road
_bNew Delhi
_e110044
300 _ax+240p.
_c22cm(pbk)
_bIncluding illustrations.
942 _2ddc
_cEN
_h650.13
_mDAL